000 00413nam a2200169Ia 4500
005 20250508161716.0
008 008 250505s9999 xx 000 0 eng d
037 _aTextual
040 _aFEDL
_beng
_cFEDL
041 _aeng
_2eng
084 _aF, STO
_qFEDL
100 _aStone Iruing
_9771422
245 0 _aLust for life
300 _a452p.
942 _cTEXL
_hF, STO
999 _c1371662
_d1371662